000
00339nam a2200133 a 4500
005
20140412114216.0
008
080909s19uu xx 00 eng d
050
_a
VCD
_b
AJN1 2003
245
_a
AJN: Examination of the peripheral pulses.
650
_a
VHS Nursing.
650
_a
Peripheral pulses.
942
_c
AVM
999
_c
106759
_d
106759